000 01246nam0a22003131 4500
001 rc\3353677
005 20130115152441.3
021 _aRU
_b[73-27617]
035 _a(NLR Aleph) 007522613
090 _a7730208
_c7730208
100 _a20130115d1973 |||y0rusy50 ca
101 1 _arus
_clav
102 _aRU
105 _aa z |||a|
200 1 _aБескрылые птицы
_eРоман
_eВ 3 ч.
_f[Вступ. статья канд. филол. наук Б. Гудрике
_gПер. с латыш. М. Михалевой
_gИл.: И. Звагузис]
210 _aРига
_cЗинатне
_d1973
215 _a688 с.
_cил.
_d20
327 1 _aСодерж.: Ч. 1. Пятиэтажный город; Ч. 2. По морям; Ч. 3. Бескрылые птицы
464 0 _12001#$aПятиэтажный город$aПо морям$aБескрылые птицы
607 _aЛатвия
_z20 в. (х. л.)
_2psbo
700 1 _aЛацис
_bВ. Т.
_f1904-1966
_gВилис Тенисович
702 1 _aМихалева
_bМ.
_4730
702 1 _aГудрике
_bБ.
_4080
702 1 _aЗвагузис
_bИ.
_4440
801 0 _aRU
_bNLR
_gpsbo
801 1 _aRU
_bELAR
_2rusmarc
852 _aNLR
_j73-3/1620
942 _cBOOK
980 _aNB